000 01073nam a2200277 4500
001 55
003 OSt
005 20250528074010.0
008 250122b |||||||e |||| 00| 1 eng d
040 _bpor
041 _heng
_apor
082 _a813
_bB627m
100 1 _aBlack, Jonathan,
_d1955-
_9150
245 _aMegaCorp
_bMultinacionais em guerra /
_cBlack, Jonathan ; Tradução de Bela Von Block
260 _aSão Paulo
_bCírculo do Livro
300 _a471 p.
520 _aO livro conta a história de Paul Verhadt, dono de um império financeiro em contínua expansão. Passando pelos gabinetes corruptos de Washington e os estúdios de Hollywood, sua ambição não tem limites, até que ele resolve financiar um golpe militar em um país da América Central. Um romance que desvenda o segredo das multinacionais.
650 0 _aLiteratura Americana
_984
650 0 _aPolitica
_9138
650 0 _aDitadura
_934
650 0 _aCorrupção
_9151
655 0 _aRomance
_923
655 0 _aFicção
_922
700 _aBela Von Black
_eTradutor
_9152
942 _2ddc
_n0
_cBK
999 _c55
_d55